Report on population data regarding forestry communities practising shifting cultivation (Record no. 81024)

MARC details
000 -LEADER
fixed length control field 00312nam a2200097 4500
082 ## - DEWEY DECIMAL CLASSIFICATION NUMBER
Classification number DB631.580954
Item number REP
245 ## - TITLE STATEMENT
Title Report on population data regarding forestry communities practising shifting cultivation
260 ## - PUBLICATION, DISTRIBUTION, ETC.
Place of publication, distribution, etc. [s.l.]
Name of publisher, distributor, etc. [s.n.]
Date of publication, distribution, etc. 1980
300 ## - PHYSICAL DESCRIPTION
Extent xii,256p.; 28cm.
490 ## - SERIES STATEMENT
Series statement FAO/UNFPA project no.RAS/77/P09
Holdings
Withdrawn status Lost status Damaged status Not for loan Collection code Home library Current library Date acquired Total Checkouts Full call number Barcode Date last seen Price effective from Koha item type Copy number
        Gifts North Eastern Hill University North Eastern Hill University 25/11/2011   DB631.580954 REP 237392 25/11/2011 25/11/2011 Books  
        GOVT. PUBLICATION (GIFT) (D.O. Section) North Eastern Hill University North Eastern Hill University 25/11/2011   DB631.580954 REP 290457 25/11/2011 25/11/2011 Books ;1